000 01070nam a2200229Ia 4500
999 _c56397
_d56397
001 23510
003 GE_BSU
005 20260213174328.0
008 181216s1941||||ge |||||||||||||| ||geo||
040 _cGE_BSU
041 _ageo
080 _a94(37) ს-42
100 _aსერგეევი, ვ. ს.
_926691
245 _aძველი რომის ისტორიის ნარკვევები. ნაწ. 2 :
_bდამხმ. სასწ. წიგნი ისტ. ფაკულტეტებისათვის /
_cვ.ს. სერგეევი.
264 _aთბილისი :
_bსტალინის სახ. სახელმწ. უნ-ტის გამ-ბა,
_c1941.
300 _a912 გვ. ;
_c21 სმ.
504 _aბიბლიოგრ. შენიშვნებში
541 _h2 ლ.
653 _aძველი რომის ისტორია
653 _aძველი რომის ისტორიის ნარკვევები. ნაწ. 2
942 _cBK
_2udc